Statistics for April Fool Festival - Slow Typing to 100

Click here to take the quiz!

General Stats

  • This quiz has been taken 147 times
  • The average score is 74 of 100

Answer Stats

#% Correct
1
100%
3
100%
2
99%
5
98%
4
97%
6
97%
7
97%
8
97%
9
96%
10
94%
11
92%
12
91%
13
91%
14
91%
16
90%
15
89%
17
88%
20
88%
21
88%
22
88%
23
88%
18
87%
19
87%
30
86%
24
85%
29
85%
33
85%
25
84%
26
84%
28
84%
34
84%
40
84%
27
83%
44
83%
31
82%
32
82%
39
82%
36
81%
37
81%
38
81%
35
80%
41
80%
42
80%
43
80%
45
78%
47
78%
48
78%
46
77%
50
77%
49
76%
51
75%
52
74%
54
74%
55
74%
53
73%
58
73%
59
73%
60
73%
56
72%
57
72%
67
71%
66
70%
61
69%
62
68%
63
67%
68
67%
70
67%
65
66%
69
66%
64
65%
71
64%
73
64%
77
64%
72
63%
74
63%
75
62%
76
62%
78
61%
79
61%
80
61%
88
57%
81
55%
82
55%
90
55%
87
53%
89
53%
92
53%
99
53%
83
52%
93
52%
100
51%
85
51%
86
51%
91
50%
94
50%
97
50%
84
49%
95
48%
96
48%
98
48%

Score Distribution

Percentile by Number Answered

Percent of People with Each Score

Your Score History

You have not taken this quiz